书目信息 |
| 题名: |
小说写作一本通
|
|
| 作者: | 格林 , 克雷默 著 ;闾佳 译 | |
| 分册: | ||
| 出版信息: | 北京 人民文学出版社 2025.01 |
|
| 页数: | 356页 | |
| 开本: | 24cm | |
| 丛书名: | 人文创作系列 | |
| 单 册: | ||
| 中图分类: | I054 | |
| 科图分类: | ||
| 主题词: | 小说--创作方法 | |
| 电子资源: | ||
| ISBN: | 978-7-02-019036-2 | |
| 000 | 01244oam2 2200301 450 | |
| 001 | 013050223 | |
| 005 | 20251022104419.59 | |
| 010 | @a978-7-02-019036-2@dCNY79.00 | |
| 100 | @a20250114d2025 em y0chiy0120 ea | |
| 101 | 1 | @achi@ceng |
| 102 | @aCN@b110000 | |
| 105 | @ay z 000yy | |
| 106 | @ar | |
| 200 | 1 | @a小说写作一本通@9xiao shuo xie zuo yi ben tong@e从创意到出版@f(英)乔治·格林(George Green),(英)丽兹·克雷默(Lizzy E. Kremer)著@g闾佳译 |
| 210 | @a北京@c人民文学出版社@d2025.01 | |
| 215 | @a356页@d24cm | |
| 225 | 1 | @a人文创作系列@i小说写作 |
| 330 | @a本书内容包括:了解小说市场,寻找灵感、认识情节、搭建故事结构、塑造人物、发展人物关系、确立主题、对白写作、冲突设置、为故事增加层次感、修改作品等等。在介绍完写作之后,还为读者介绍了寻求作品出版得方法,如寻找图书代理商或出版商、写投稿信、自出版方法等等。 | |
| 461 | 0 | @12001 @a人文创作系列 |
| 462 | 0 | @12001@@@a小说写作 |
| 510 | 1 | @aWriting a novel and getting published for dummies UK@zeng |
| 606 | 0 | @a小说@x创作方法 |
| 690 | @aI054@v5 | |
| 701 | 0 | @c(英)@a格林@9ge lin@c(Green, George)@4著 |
| 701 | 0 | @c(英)@a克雷默@9ke lei mo@c(Kremer, Lizzy E.)@4著 |
| 702 | 0 | @a闾佳@9lv jia@4译 |
| 801 | 0 | @aCN@c20250910 |
| 905 | @a河南城建学院图书馆@dI054@eG278@ZG278@f1 | |
| 小说写作一本通:从创意到出版/(英)乔治·格林(George Green),(英)丽兹·克雷默(Lizzy E. Kremer)著/闾佳译.-北京:人民文学出版社,2025.01 |
| 356页;24cm.-(人文创作系列.小说写作) |
| ISBN 978-7-02-019036-2:CNY79.00 |
| 本书内容包括:了解小说市场,寻找灵感、认识情节、搭建故事结构、塑造人物、发展人物关系、确立主题、对白写作、冲突设置、为故事增加层次感、修改作品等等。在介绍完写作之后,还为读者介绍了寻求作品出版得方法,如寻找图书代理商或出版商、写投稿信、自出版方法等等。 |
| ● |
| 相关链接 |
|
|
|
正题名:小说写作一本通
索取号:I054/G278
 
预约/预借
| 序号 | 登录号 | 条形码 | 馆藏地/架位号 | 状态 | 备注 |
| 1 | 1634719 | 216347193 | 文学库108/108文学库 1排4列4层/ [索取号:I054/G278] | 在馆 |